000 00472nam a2200181Ia 4500
001 13365
005 20260306164756.0
008 260306t2017||||xx |||||||||||||| ||spa||
041 _aESP
082 _a001.4226
_bN97
100 _aNussbaumer Knaflic, Cole
_eAUT
245 0 _aStorytelling con datos:
_bvisualización de datos para profesionales
260 _c2017
300 _a247 pƔginas :
_c23 cm.
650 _aGEN
654 _aCHU
942 _cLIB
_dJUS
_fJUS
_2ddc
_n
999 _c13365
_d13365